The politics of Philo Judaeus : practice and theory /

محفوظ في:

المؤلف الرئيسي: Goodenough, Erwin Ramsdell, 1893-1965 (مؤلف)

مؤلفون آخرون: Goodhart, Howard Lehman, 1884?-1951.

التنسيق: كتاب

اللغة: English

منشور في: New Haven : London : Yale University Press ; H. Milford, Oxford University Press, 1938.

الموضوعات:

الوسوم: إضافة وسم

لا توجد وسوم, كن أول من يضع وسما على هذه التسجيلة!

رقم الطلب: B689 .Z7 G6 1938

LEADER 00876nam a2200229I 4500
001 6188
003 OSt
005 20250914091754.0
008 130303s1938 ctuach 000 0beng d
010 |a 38015333 
035 |a ocm00620271 
040 |c ARCE Library 
050 4 |a B689 .Z7 G6 1938 
100 1 |a Goodenough, Erwin Ramsdell,  |d 1893-1965,  |e author  |9 30919 
245 1 4 |a The politics of Philo Judaeus :  |b practice and theory /  |c by Erwin R. Goodenough ... with a general bibliography of Philo by Howard L. Goodhart, Erwin R. Goodenough. 
264 1 |a New Haven :  |b Yale University Press ;  |a London :  |b H. Milford, Oxford University Press,  |c 1938. 
300 |a xii, 348 pages :   |b illustrations, ports., facsims. ;   |c 25 cm. 
600 0 0 |a Philo,  |c of Alexandria.  |9 37602 
700 1 |a Goodhart, Howard Lehman,  |d 1884?-1951.  |9 30920 
901 |a reviewed 
942 |c BK  |2 lcc 
999 |c 4850  |d 4850